Evaluation of the first inventory of South American wetlands (Registro nro. 11262)

Detalles MARC
000 -CABECERA
Campo de control 004170000a22001450004500
090 ## - CLASIFICACIÓN LOCAL
Colección AR
Consecutivo 02190
041 0# - IDIOMA
Código de idioma para texto/pista de sonido o título separado
100 1# - ASIENTO PRINCIPAL--NOMBRE PERSONAL
Nombre personal Naranjo Henao, Luis Germán
245 10 - MENCION DE TITULO
Título Evaluation of the first inventory of South American wetlands
650 14 - ASIENTO SECUNDARIO DE MATERIA - TERMINO TEMATICO
Término temático o nombre geográfico como elemento de entrada Conservación
650 14 - ASIENTO SECUNDARIO DE MATERIA - TERMINO TEMATICO
Término temático o nombre geográfico como elemento de entrada Trópicos
650 14 - ASIENTO SECUNDARIO DE MATERIA - TERMINO TEMATICO
Término temático o nombre geográfico como elemento de entrada Impacto antrópico
773 1# - Item fuente:
Título Vegetario
Especificación de materiales 286
Paginas del Articulo 125-129
Lugar, editorial y fecha de publicación 1995
Información sobre la relación 118
942 ## - ELEMENTOS ADICIONALES (KOHA)
Tipo de ítem Artículo
Existencias
Withdrawn status Lost status Damaged status No para préstamo Colección Ubicación Permanente Ubicación actual Fecha de adquisición Fuente de Valor Datos de publicación Seriada Total Checkouts Número topográfico Inventario / Código de Barras Date last seen Ejemplar Price effective from Forma de adquisición Tipo de material
      No para Préstamo Hemeroteca Bogotá Bogotá 27/02/2015 Academia Colombiana de Ciencias Exactas, Físicas y Naturales Fuera de circulación   AR 02190 012576 25/03/2015 1 25/03/2015   Artículo